Регионална библиотека "Любен Каравелов" - Русе

Импресия (Запис номер 18182)

MARC детайли
000 -Лидер
Контролно поле с фиксирана дължина 01283nam a2200325 c 4500
003 - Код на организацията, давaща контролен номер
Контролно поле BLK
005 - Дата и час на последна редакция
Контролно поле 20220228142617.0
008 - Елементи от данни с фиксирана дължина
fixed length control field 180413b bul|||||r ||||||| ||bul||
010 ## - Наследен системен номер
LC control number KNG00020215000
020 ## - Международен стандартен номер на книга ISBN
Международен стандартен номер на книга ISBN 954-9631-02-8
040 ## - Източник на каталожния запис
Идентификатор на билиотеката - собственик на записа BLK
041 ## - Код за език
Код за езика на текст/звукозапис или на отделно заглавие Български
Код за езика КДБФ Български
072 #7 - Код за тематичната категория
Код организация bullib
Код за тематична категория РА
Текст Русенски автори
080 ## - УДК
Текстов определител УДК Българска литература
УДК код - определител по УДК 821.163.2
УДК определител -1
УДК - код + определител 821.163.2-1
100 1# - Редна дума - Автор
Автор Янева-Медникарова, Дора Стоянова
Авторска отговорност първи автор
R(LIN) 365173
139 ## - Редно поле
Редна дума Янева-Медникарова, Дора Стоянова
Авторски знак Яне - Я 54
245 10 - Сведения за заглавието
Заглавие Импресия
Подзаглавни данни Стихотворения
Редно поле (дума) Дора Стоянова Янева-Медникарова.
250 ## - Област на изданието
Сведения за изданието 2. изд.
257 ## - Страна на издаване
Страна на създаване/издаване България
260 ## - Област на издателските данни
Име на издателя, разпространителя и проч. Захарина Йоргова
Година на издаване 1999
Печатница Русе : Авангард принт
300 ## - Физическа характеристика
Страници 32 с.
Размери/Мащаб 21 см
380 ## - Жанр
Жанр Худож. лит.
500 ## - Общи забележки
Забележка Изд. на Общ. к-т В. Левски. Лит. кръг Мисъл-2 - Русе. - 20 тир.
659 ## - Тематичен бюлетин
Тематичен бюлетин К
852 ## - Местоположение
Форматна сигнатура Цб 203840
852 ## - Местоположение
Форматна сигнатура К 821.163.2/Я 54 Д
856 4# - Електронен адрес и достъп
Електронен формат pdf - файл
Път до файла /url/
856 4# - Електронен адрес и достъп
Електронен формат pdf - файл
Път до файла /url/
999 ## - СИСТЕМНИ КОНТРОЛНИ НОМЕРА
Koha biblionumber 18182
Koha biblioitemnumber 18182
942 ## - АРТИКУЛИ
Вид на библиотечния материал Книги
Скрит в OPAC Не
Периодичен библиозапис Да
944 ## - СЪЗДАВАНЕ И РЕДАКЦИЯ на ЗАПИСА
Създаване/Редакция Създаване
Дата на регистрацията/редакция 15.01.2003
Служител, извършил регистрацията/редакцията Геновева_Генчева
944 ## - СЪЗДАВАНЕ И РЕДАКЦИЯ на ЗАПИСА
Създаване/Редакция Редакция
Дата на регистрацията/редакция 05.06.2006
999 ## - СИСТЕМНИ КОНТРОЛНИ НОМЕРА
Koha biblioitemnumber 18182
Наличности
Код за отписване Код за изгубен артикул Източник на класификационната схема Код за повреда Коз за рестрикции Код за отдаване Артикулен № Име на библиотеката - собственик Име на библиотеката, в която се намира в момента Статус (Текущо местоположение) Дата на вписване в системата Местоположение - отдел Цена в лева Инвентарен номер Систематично азбучна сигнатура Баркод Номер на екземпляра Цена в евро Служебна бележка Служебен тип на артикула Номерация (Хронология)
Изтеглен Не е изгубен Universal Decimal Classification Не е повреден без рестрикции заемане за дома 30532 Регионална библиотека "Любен Каравелов" Русе Регионална библиотека "Любен Каравелов" Русе Заемна - подръчен фонд 2001-01-01 Заемна - подръчен фонд 2.00 653536 П 886.7-1/Я 54 653536 1 1.02 Дата инв: 14.02.2018 Бележки инв: П2018 Книги  
  Не е изгубен Universal Decimal Classification Не е повреден без рестрикции заемане за дома 30533 Регионална библиотека "Любен Каравелов" Русе Регионална библиотека "Любен Каравелов" Русе Заемна - подръчен фонд 2001-01-01 Заемна - подръчен фонд 2.00 653537 П 886.7-1/Я 54 120000653537 2 1.02 Дата инв: 14.02.2018 Бележки инв: П2018 Книги  
  Не е изгубен Universal Decimal Classification Не е повреден без рестрикции ползва се в читалня 30534 Регионална библиотека "Любен Каравелов" Русе Регионална библиотека "Любен Каравелов" Русе Краезнание 2001-01-01 Краезнание 2.00 653538 К 821.163.2/Я 54 Д 120000653538 3 1.02 Дата инв: 16.11.2017 Бележки инв: К2017 Книги Автограф: Дора Янева-Медникарова
Изтеглен Не е изгубен Universal Decimal Classification Не е повреден без рестрикции заемане за дома 30535 Регионална библиотека "Любен Каравелов" Русе Регионална библиотека "Любен Каравелов" Русе Заемна - подръчен фонд 2001-01-01 Заемна - подръчен фонд 2.00 653535 П 886.7-1/Я 54 653535 4 1.02   Книги  
  Не е изгубен Universal Decimal Classification Не е повреден без рестрикции ползва се в читалня 30536 Регионална библиотека "Любен Каравелов" Русе Регионална библиотека "Любен Каравелов" Русе Хранилище 1999-01-01 Основен фонд - ползва се само за читалня 0.00 655369 Цб 203840 120000655369 5 0.00 Дост: DA Вид: А N: стар фонд Дата: 01.01.1999 Книги  
Vip Innovations Ltd, Rousse, Bulgaria 2025